|
|
|
|
| LEADER |
00000cam a2200000 c 4500 |
| 001 |
1651322732 |
| 003 |
DE-627 |
| 005 |
20251225205901.0 |
| 007 |
tu |
| 008 |
901113s1980 xxu||||| 00| ||eng c |
| 020 |
|
|
|a 0471031399
|9 0-471-03139-9
|
| 035 |
|
|
|a (DE-627)1651322732
|
| 035 |
|
|
|a (DE-576)022242511
|
| 035 |
|
|
|a (DE-599)BSZ022242511
|
| 035 |
|
|
|a (OCoLC)832590721
|
| 035 |
|
|
|a (OCoLC)05239831
|
| 035 |
|
|
|a (DE-604)8051027577
|
| 040 |
|
|
|a DE-627
|b ger
|c DE-627
|e rakwb
|
| 041 |
|
|
|a eng
|
| 044 |
|
|
|c XD-US
|
| 082 |
0 |
|
|a 301.15/4/0973
|
| 084 |
|
|
|a MG 70100
|2 rvk
|0 (DE-625)rvk/122860:12059
|
| 100 |
1 |
|
|8 1\p
|a Erikson, Robert S.
|0 (DE-588)124111815
|0 (DE-627)085644935
|0 (DE-576)294024689
|4 aut
|
| 109 |
|
|
|a Erikson, Robert S.
|a Erikson, R. S.
|
| 245 |
1 |
0 |
|a American public opinion
|b its origins, content, and impact
|c Robert S. Erikson; Norman R. Luttbeg; Kent L. Tedin
|
| 250 |
|
|
|a 2. ed.
|
| 264 |
|
1 |
|a New York [u.a.]
|b Wiley
|c 1980
|
| 300 |
|
|
|a IX, 337 S.
|b graph. Darst.
|
| 336 |
|
|
|a Text
|b txt
|2 rdacontent
|
| 337 |
|
|
|a ohne Hilfsmittel zu benutzen
|b n
|2 rdamedia
|
| 338 |
|
|
|a Band
|b nc
|2 rdacarrier
|
| 583 |
1 |
|
|a Archivierung prüfen
|c 20200919
|f DE-640
|z 3
|2 pdager
|
| 689 |
0 |
0 |
|d g
|0 (DE-588)4078704-7
|0 (DE-627)106076612
|0 (DE-576)209209682
|a USA
|2 gnd
|
| 689 |
0 |
1 |
|d s
|0 (DE-588)4043152-6
|0 (DE-627)104826274
|0 (DE-576)209054492
|a Öffentliche Meinung
|2 gnd
|
| 689 |
0 |
|
|5 (DE-627)
|
| 700 |
1 |
|
|a Luttbeg, Norman R.
|4 aut
|
| 700 |
1 |
|
|8 2\p
|a Tedin, Kent L.
|0 (DE-588)1197314423
|0 (DE-627)1679103679
|4 aut
|
| 883 |
|
|
|8 1\p
|a cgwrk
|d 20241001
|q DE-101
|u https://d-nb.info/provenance/plan#cgwrk
|
| 883 |
|
|
|8 2\p
|a cgwrk
|d 20241001
|q DE-101
|u https://d-nb.info/provenance/plan#cgwrk
|
| 889 |
|
|
|w (DE-627)192650211
|
| 935 |
|
|
|i mdedup
|
| 936 |
r |
v |
|a MG 70100
|b Allgemeines
|k Politologie
|k Politische Systeme einzelner Länder
|k Europa, Nordamerika
|k Nordamerika
|k USA
|k Öffentliche Meinung
|k Allgemeines
|0 (DE-627)1271554968
|0 (DE-625)rvk/122860:12059
|0 (DE-576)201554968
|
| 951 |
|
|
|a BO
|
| ELC |
|
|
|b 1
|
| LOK |
|
|
|0 000 xxxxxcx a22 zn 4500
|
| LOK |
|
|
|0 001 3346093883
|
| LOK |
|
|
|0 003 DE-627
|
| LOK |
|
|
|0 004 1651322732
|
| LOK |
|
|
|0 005 20020606000000
|
| LOK |
|
|
|0 008 901113||||||||||||||||ger|||||||
|
| LOK |
|
|
|0 040
|a DE-21
|c DE-627
|d DE-21
|
| LOK |
|
|
|0 852
|a DE-21
|
| LOK |
|
|
|0 852 1
|c KB 12 A 559
|9 00
|
| LOK |
|
|
|0 935
|a krim
|
| LOK |
|
|
|0 936ln
|a k2.2
|
| LOK |
|
|
|0 939
|a 13-11-90
|b l01
|
| ORI |
|
|
|a SA-MARC-krimdoka001.raw
|
| SIG |
|
|
|a UB: KB 12 A 559
|